| 000 | 01255nam a2200229Ia 4500 | ||
|---|---|---|---|
| 001 | 21711 | ||
| 005 | 20260421103440.0 | ||
| 008 | 260320s9999||||xx |||||||||||||| ||und|| | ||
| 022 | _a28108256 | ||
| 041 | _aESP | ||
| 082 |
_aHR 056 JUN 2025 _bCULTURAL |
||
| 110 | _aCentro Cultural Peruano Norteamericano de Arequipa | ||
| 245 | 0 |
_aCultural : _brevista anual del Centro Cultural Peruano Norteamericano de Arequipa |
|
| 260 |
_aArequipa : _bCentro Cultural Peruano Norteamericano, _c2025 |
||
| 300 |
_a126 páginas : _c24 cm. |
||
| 505 | _aNúm. 4 (2025) - Editorial 70 años tendiendo puentes con los Estados Unidos y el futuro - Artículo Arte e identidad cultural en Arequipa. Estética y crítica de arte en la revista Escocia (1927-1938). Diego Paitán Leonardo. El cine contemporáneo en la Región Sur. Edward de Ybarra - Exposiciones artísticas - Entrevistas, reseñas y semblanzas - Conciertos - Teatro - Cursos y conferencias - Actividades de fomento a la lectura Presentaciones de libros y revistas | ||
| 650 | _aGEN | ||
| 653 | _aCultura - Revista | ||
| 654 | _aCHU | ||
| 856 |
_uhttps://revistas.ucsp.edu.pe/ _zVéase además: Revistas académicas UCSP |
||
| 942 |
_cREV _dJUS _fMAT _2ddc |
||
| 999 |
_c21711 _d21711 |
||